[Event "XVI. DBMM Schach"]
[Site "Dresden"]
[Date "2016.11.06"]
[Round "7.4"]
[White "Lunnebach, Oliver"]
[Black "Fischer, Alexander"]
[Result "1-0"]
[WhiteElo "2109"]
[BlackElo "2038"]
[Annotator "fb"]
[PlyCount "115"]
[EventDate "2016.11.??"]
[SourceTitle "XVI. DBMM 2016"]
[Source "FV Schach e.V."]
[SourceDate "2017.06.14"]
[SourceVersion "1"]
[SourceVersionDate "2017.06.14"]
[SourceQuality "1"]
[WhiteTeam "Deutsche Post Bonn"]
[BlackTeam "Commerzbank Frankfurt"]
[WhiteTeamCountry "GER"]
[BlackTeamCountry "GER"]

1. c4 c6 2. e4 d5 3. exd5 cxd5 4. d4 Nf6 5. Nc3 Nc6 6. Bg5 e6 7. c5 Bd7 8. Nf3
h6 9. Bf4 a6 10. Bd3 b6 11. a3 bxc5 12. dxc5 Bxc5 13. b4 Be7 14. h3 O-O 15. O-O
d4 16. Na4 Nd5 17. Bh2 Bf6 18. Nc5 Nc3 19. Qc2 Bc8 20. Rfe1 Re8 21. Nd2 Ra7 22.
Nde4 Nxe4 23. Nxe4 Bb7 24. Nd6 Ne7 25. Nxe8 Qxe8 26. Qc5 Qa8 27. f3 Bd5 28.
Rac1 Bg5 29. Qxd4 Bxc1 30. Rxc1 Rd7 31. Bf1 Nf5 32. Qd3 Qa7+ 33. Kh1 Rd8 34.
Qxa6 Qe3 35. Rc8 Rxc8 36. Qxc8+ Kh7 37. Qa6 Qc3 38. Qd3 Qe1 39. g4 Qf2 40. Bg2
Bc4 41. Qb1 Ba2 42. Qf1 Ng3+ 43. Bxg3 Qxg3 44. Qd3+ Kg8 45. Qe3 Qd6 46. f4 Bd5
47. Kg1 Bxg2 48. Kxg2 Qd5+ 49. Kg3 h5 50. gxh5 Qxh5 51. Qd3 f6 52. b5 e5 53.
Qd5+ Kh7 54. fxe5 Qg5+ 55. Kf3 Qf5+ 56. Ke2 fxe5 57. b6 Qxh3 58. Qd3+ 1-0

[Event "XVI. DBMM Schach"]
[Site "Dresden"]
[Date "2016.11.06"]
[Round "7.1"]
[White "Haasler, Andreas"]
[Black "Scheffner, Axel"]
[Result "1-0"]
[WhiteElo "2202"]
[BlackElo "2249"]
[Annotator "br"]
[PlyCount "79"]
[EventDate "2016.11.??"]
[SourceTitle "XVI. DBMM 2016"]
[Source "FV Schach e.V."]
[SourceDate "2017.06.14"]
[SourceVersion "1"]
[SourceVersionDate "2017.06.14"]
[SourceQuality "1"]
[WhiteTeam "Deutsche Bahn/BSW Frankfurt/M"]
[BlackTeam "Vodafone Duesseldorf"]
[WhiteTeamCountry "GER"]
[BlackTeamCountry "GER"]

1. d4 d5 2. Bf4 c6 3. e3 Nf6 4. c4 a6 5. Nc3 g6 6. h3 b5 7. cxd5 cxd5 8. Rc1
Bg7 9. Nf3 O-O 10. Ne5 Bb7 11. Be2 Nc6 12. Nd3 Nd7 13. O-O e6 14. b4 Qe7 15.
Qb3 Nb6 16. a4 Na7 17. Nxb5 axb5 18. Rc7 Qd8 19. Rxb7 Nxa4 20. Rc1 Nc8 21. Rxb5
Nd6 22. Ra5 Nb6 23. Rxa8 Nxa8 24. Nb2 Bf6 25. Qa4 Be7 26. Qa7 g5 27. Be5 Ne4
28. Ba6 Nd6 29. Rc6 f6 30. Bxd6 Bxd6 31. Rc8 Qxc8 32. Bxc8 Rxc8 33. Nd3 Nc7 34.
g3 h5 35. Nc5 Kf8 36. Qb6 Ke7 37. Qc6 Bxc5 38. bxc5 Kd8 39. Qd6+ Ke8 40. c6 1-0

[Event "XVI. DBMM Schach"]
[Site "Dresden"]
[Date "2016.11.06"]
[Round "7.2"]
[White "Gohla, Ulf"]
[Black "Haenisch, Uwe"]
[Result "1/2-1/2"]
[WhiteElo "2151"]
[BlackElo "2195"]
[Annotator "br"]
[PlyCount "31"]
[EventDate "2016.11.??"]
[SourceTitle "XVI. DBMM 2016"]
[Source "FV Schach e.V."]
[SourceDate "2017.06.14"]
[SourceVersion "1"]
[SourceVersionDate "2017.06.14"]
[SourceQuality "1"]
[WhiteTeam "Vodafone Duesseldorf"]
[BlackTeam "Deutsche Bahn/BSW Frankfurt/M"]
[WhiteTeamCountry "GER"]
[BlackTeamCountry "GER"]

1. d4 Nf6 2. c4 e6 3. Nc3 Bb4 4. e3 O-O 5. Nge2 d5 6. a3 Bd6 7. Ng3 c5 8. dxc5
Bxc5 9. b4 Be7 10. Bb2 dxc4 11. Bxc4 Qxd1+ 12. Rxd1 a6 13. Nce4 Nbd7 14. Nd6
Nb6 15. Bb3 Rd8 16. Nxc8 1/2-1/2

[Event "XVI. DBMM Schach"]
[Site "Dresden"]
[Date "2016.11.06"]
[Round "7.3"]
[White "Kopp, Jan"]
[Black "Tochtrop, Matthias"]
[Result "1-0"]
[WhiteElo "2042"]
[BlackElo "2174"]
[Annotator "br"]
[PlyCount "76"]
[EventDate "2016.11.??"]
[SourceTitle "XVI. DBMM 2016"]
[Source "FV Schach e.V."]
[SourceDate "2017.06.14"]
[SourceVersion "1"]
[SourceVersionDate "2017.06.14"]
[SourceQuality "1"]
[WhiteTeam "Deutsche Bahn/BSW Frankfurt/M"]
[BlackTeam "Vodafone Duesseldorf"]
[WhiteTeamCountry "GER"]
[BlackTeamCountry "GER"]

1. d4 g6 2. c4 Bg7 3. Nc3 d6 4. e4 Nc6 5. Be3 e5 6. Nge2 exd4 7. Nxd4 Nge7 8.
g3 O-O 9. Bg2 Ne5 10. b3 Ng4 11. Bf4 Nc6 12. Nde2 g5 13. Bd2 Nge5 14. O-O g4
15. Rc1 Nf3+ 16. Bxf3 gxf3 17. Nf4 Ne5 18. Nh5 c6 19. Nxg7 Kxg7 20. Bf4 Qf6 21.
Qd2 Bg4 22. Rfd1 Rad8 23. Bg5 Qg6 24. Bxd8 Rxd8 25. c5 Qh5 26. h4 f6 27. cxd6
Bh3 28. Na4 Ng6 29. e5 Nxe5 30. Rc5 Qf5 31. Qd4 Qe6 32. Ra5 Bg2 33. g4 b6 34.
Rxa7+ Kh8 35. Qe4 Qg8 36. g5 h6 37. Qf4 Rf8 38. d7 fxg5 1-0

[Event "XVI. DBMM Schach"]
[Site "Dresden"]
[Date "2016.11.06"]
[Round "7.4"]
[White "Limbourg, Marina"]
[Black "Perlitz, Sven"]
[Result "0-1"]
[WhiteElo "2028"]
[BlackElo "2065"]
[Annotator "br"]
[PlyCount "72"]
[EventDate "2016.11.??"]
[SourceTitle "XVI. DBMM 2016"]
[Source "FV Schach e.V."]
[SourceDate "2017.06.14"]
[SourceVersion "1"]
[SourceVersionDate "2017.06.14"]
[SourceQuality "1"]
[WhiteTeam "Vodafone Duesseldorf"]
[BlackTeam "Deutsche Bahn/BSW Frankfurt/M"]
[WhiteTeamCountry "GER"]
[BlackTeamCountry "GER"]

1. e4 c5 2. Nf3 Nc6 3. d4 cxd4 4. Nxd4 Nf6 5. Nc3 e5 6. Ndb5 d6 7. Nd5 Nxd5 8.
exd5 Nb8 9. c4 Be7 10. c5 O-O 11. Bc4 a6 12. cxd6 Bxd6 13. Nxd6 Qxd6 14. O-O
Nd7 15. Kh1 b5 16. Bb3 f5 17. Bg5 Kh8 18. f4 e4 19. Qd4 Bb7 20. Rac1 Rac8 21.
a3 Rxc1 22. Rxc1 h6 23. Bxh6 Qxh6 24. Rc3 Qd6 25. Qf2 Nf6 26. Qh4+ Kg8 27. Qg5
Bxd5 28. Bc2 Ng4 29. h3 Nf2+ 30. Kg1 Nd3 31. Bxd3 exd3 32. Rxd3 Qc5+ 33. Kh2
Qc6 34. Rg3 Qf6 35. Qh5 Qxb2 36. Rg6 Bf7 0-1

[Event "XVI. DBMM Schach"]
[Site "Dresden"]
[Date "2016.11.06"]
[Round "7.1"]
[White "Blum, Norbert"]
[Black "Engelmann, Jakob"]
[Result "0-1"]
[WhiteElo "1986"]
[BlackElo "2256"]
[Annotator "br"]
[PlyCount "74"]
[EventDate "2016.11.??"]
[SourceTitle "XVI. DBMM 2016"]
[Source "FV Schach e.V."]
[SourceDate "2017.06.14"]
[SourceVersion "1"]
[SourceVersionDate "2017.06.14"]
[SourceQuality "1"]
[WhiteTeam "Sparkassen-Versicherung Stuttgart"]
[BlackTeam "RWE Essen"]
[WhiteTeamCountry "GER"]
[BlackTeamCountry "GER"]

1. e4 c6 2. d4 d5 3. f3 e6 4. Nc3 Bb4 5. Bf4 Nf6 6. Qd3 b6 7. Qe3 O-O 8. a3 Be7
9. Nge2 Ba6 10. O-O-O b5 11. Na2 Nbd7 12. Kb1 Nb6 13. Nec1 Qc8 14. b4 Nc4 15.
Bxc4 bxc4 16. e5 Nd7 17. Bg5 f6 18. exf6 Nxf6 19. Rhe1 Kf7 20. c3 Re8 21. Ne2
Qd7 22. Bxf6 Bxf6 23. f4 Bc8 24. Rd2 a5 25. Nac1 Kg8 26. Ng1 axb4 27. axb4 Ra3
28. Ra2 Rxa2 29. Nxa2 Qa7 30. Re2 Qa4 31. Qd2 e5 32. fxe5 Bf5+ 33. Ka1 Be7 34.
Rf2 Bg6 35. Nf3 Ra8 36. Ne1 Bg5 37. Qe2 Qb3 0-1

[Event "XVI. DBMM Schach"]
[Site "Dresden"]
[Date "2016.11.06"]
[Round "7.2"]
[White "Limbourg, Philipp"]
[Black "Bischoff, Ulrich"]
[Result "1/2-1/2"]
[WhiteElo "2206"]
[BlackElo "2107"]
[Annotator "br"]
[PlyCount "102"]
[EventDate "2016.11.??"]
[SourceTitle "XVI. DBMM 2016"]
[Source "FV Schach e.V."]
[SourceDate "2017.06.14"]
[SourceVersion "1"]
[SourceVersionDate "2017.06.14"]
[SourceQuality "1"]
[WhiteTeam "RWE Essen"]
[BlackTeam "Sparkassen-Versicherung Stuttgart"]
[WhiteTeamCountry "GER"]
[BlackTeamCountry "GER"]

1. e4 c5 2. Nc3 e6 3. f4 d5 4. Nf3 dxe4 5. Nxe4 Nc6 6. Bb5 Bd7 7. O-O Be7 8. d3
Nh6 9. Bxc6 Bxc6 10. Ne5 Rc8 11. Kh1 O-O 12. Nxc6 Rxc6 13. Be3 Nf5 14. Bg1 b6
15. Qf3 Rc7 16. c3 Rd7 17. Rad1 Bf6 18. Ng3 Nxg3+ 19. Qxg3 Rd5 20. Rd2 Qd7 21.
Rfd1 Rd8 22. Qf3 h6 23. Qe4 e5 24. c4 Rd6 25. fxe5 Re6 26. d4 Qe8 27. Qf3 Bg5
28. Rd3 Qa4 29. Ra3 Qxc4 30. Rxa7 Re7 31. Rxe7 Bxe7 32. dxc5 Rxd1 33. Qxd1 Bxc5
34. b3 Qc3 35. Bxc5 Qxc5 36. Qa1 Qe3 37. h3 b5 38. Qb2 b4 39. Qa1 Qc3 40. Qd1
Qxe5 41. Qd8+ Kh7 42. Qd3+ g6 43. Qc4 Qe1+ 44. Kh2 Kg8 45. Qc8+ $11 Kg7 46. Qb8
Qc3 47. Qd6 h5 48. a3 bxa3 49. Qxa3 Qe5+ 50. Kh1 Qe1+ 51. Kh2 Qe5+ 1/2-1/2

[Event "XVI. DBMM Schach"]
[Site "Dresden"]
[Date "2016.11.06"]
[Round "7.3"]
[White "Marten, Gero"]
[Black "Broszeit, Peter"]
[Result "1/2-1/2"]
[WhiteElo "2010"]
[BlackElo "1970"]
[Annotator "br"]
[PlyCount "116"]
[EventDate "2016.11.??"]
[SourceTitle "XVI. DBMM 2016"]
[Source "FV Schach e.V."]
[SourceDate "2017.06.14"]
[SourceVersion "1"]
[SourceVersionDate "2017.06.14"]
[SourceQuality "1"]
[WhiteTeam "Sparkassen-Versicherung Stuttgart"]
[BlackTeam "RWE Essen"]
[WhiteTeamCountry "GER"]
[BlackTeamCountry "GER"]

1. d4 Nf6 2. Nf3 c5 3. d5 e6 4. Nc3 d6 5. e4 e5 6. Bb5+ Bd7 7. a4 Bxb5 8. axb5
a5 9. bxa6 Rxa6 10. Bg5 $11 Be7 11. Bxf6 Bxf6 12. O-O O-O 13. Qe2 g6 14. Nd2
Bg7 15. Nc4 Qd7 16. Na3 f5 17. Qb5 Qf7 18. Nc4 Rxa1 19. Rxa1 fxe4 20. Nxe4 Qxd5
21. Ncxd6 Rf4 22. g3 Rf8 23. Qxc5 Qc6 24. Qc3 Qxc3 25. Nxc3 e4 26. Ndxe4 Nc6
27. Kg2 Nd4 28. Ra7 Nxc2 29. Rxb7 Ne1+ 30. Kf1 Nf3 31. h4 Rc8 32. Ke2 Nd4+ 33.
Kf1 Ne6 34. Rb6 Nc5 35. Nf6+ Bxf6 36. Rxf6 Nd3 37. Nd1 Rb8 38. Rd6 Nxb2 39.
Nxb2 Rxb2 40. Rd7 Ra2 41. Kg2 Rb2 42. g4 Ra2 43. Kg3 Ra4 44. g5 Rb4 45. Rd3 Kg7
46. Rf3 Ra4 47. Rf4 Ra3+ 48. Kg4 Ra1 49. Rb4 Ra2 50. f3 Ra1 51. Rb7+ Kg8 52.
Rb2 Kg7 53. Rh2 h5+ 54. gxh6+ Kxh6 55. Rb2 Rg1+ 56. Kh3 Rh1+ 57. Kg3 Rg1+ 58.
Kh2 Ra1 1/2-1/2

[Event "XVI. DBMM Schach"]
[Site "Dresden"]
[Date "2016.11.06"]
[Round "7.4"]
[White "Broksch, Dirk"]
[Black "Seifert, Martin"]
[Result "1/2-1/2"]
[WhiteElo "1902"]
[BlackElo "1988"]
[Annotator "br"]
[PlyCount "71"]
[EventDate "2016.11.??"]
[SourceTitle "XVI. DBMM 2016"]
[Source "FV Schach e.V."]
[SourceDate "2017.06.14"]
[SourceVersion "1"]
[SourceVersionDate "2017.06.14"]
[SourceQuality "1"]
[WhiteTeam "RWE Essen"]
[BlackTeam "Sparkassen-Versicherung Stuttgart"]
[WhiteTeamCountry "GER"]
[BlackTeamCountry "GER"]

1. d4 d5 2. Nf3 Bf5 3. Bf4 Nf6 4. e3 e6 5. Bd3 Bg6 6. O-O Be7 7. h3 Ne4 8. c4
dxc4 9. Bxc4 O-O 10. Nc3 c5 11. Qb3 Qb6 12. d5 Nxc3 13. bxc3 exd5 14. Bxd5 Nc6
15. e4 Na5 16. Qc2 Rad8 17. Rfd1 Bd6 18. Bg5 Rde8 19. Nh4 Bb8 20. Nxg6 Qxg6 21.
Be3 b6 22. f4 Kh8 23. Rac1 Re7 24. e5 Qh6 25. Qf2 Qh5 26. Bxc5 bxc5 27. Qxc5
Rfe8 28. Qxa5 Rxe5 29. Qa4 Re3 30. Bf3 Qh4 31. Rd4 Qg3 32. Rf1 g5 33. Re4 R8xe4
34. Bxe4 Bxf4 35. Qd4+ Kg8 36. Qd8+ 1/2-1/2

[Event "XVI. DBMM Schach"]
[Site "Dresden"]
[Date "2016.11.06"]
[Round "7.2"]
[White "Heinrich, Thomas"]
[Black "Haas, Peter"]
[Result "1/2-1/2"]
[WhiteElo "2224"]
[BlackElo "2098"]
[Annotator "br"]
[PlyCount "48"]
[EventDate "2016.11.??"]
[SourceTitle "XVI. DBMM 2016"]
[Source "FV Schach e.V."]
[SourceDate "2017.06.14"]
[SourceVersion "1"]
[SourceVersionDate "2017.06.14"]
[SourceQuality "1"]
[WhiteTeam "le-tex Publishing Services Leipzig"]
[BlackTeam "ADAC Muenchen"]
[WhiteTeamCountry "GER"]
[BlackTeamCountry "GER"]

1. d4 e6 2. Nf3 Nf6 3. Bf4 d5 4. e3 Bd6 5. Bg3 O-O 6. Nbd2 b6 7. c3 Bb7 8. Bd3
Ne4 9. O-O Nd7 10. Qe2 a6 11. Rad1 Qe7 12. a3 c5 13. Bxd6 Qxd6 14. c4 Nxd2 15.
Rxd2 dxc4 16. Bxc4 Qe7 17. dxc5 Nxc5 18. Rfd1 Qf6 19. Rd4 Bxf3 20. gxf3 b5 21.
Ba2 Rfd8 22. Bb1 g6 23. f4 Rxd4 24. Rxd4 Rd8 1/2-1/2

[Event "XVI. DBMM Schach"]
[Site "Dresden"]
[Date "2016.11.06"]
[Round "7.4"]
[White "Hartmann, Uwe"]
[Black "Baudrexel, Peter"]
[Result "1/2-1/2"]
[WhiteElo "1964"]
[BlackElo "1836"]
[Annotator "br"]
[PlyCount "49"]
[EventDate "2016.11.??"]
[SourceTitle "XVI. DBMM 2016"]
[Source "FV Schach e.V."]
[SourceDate "2017.06.14"]
[SourceVersion "1"]
[SourceVersionDate "2017.06.14"]
[SourceQuality "1"]
[WhiteTeam "le-tex Publishing Services Leipzig"]
[BlackTeam "ADAC Muenchen"]
[WhiteTeamCountry "GER"]
[BlackTeamCountry "GER"]

1. e4 e6 2. d4 d5 3. e5 c5 4. c3 Nc6 5. Nf3 Bd7 6. a3 c4 7. Be3 Na5 8. Nbd2 Rc8
9. Be2 Ne7 10. O-O Nf5 11. Qc2 Be7 12. Bd1 h5 13. Qc1 Qc7 14. Re1 g6 $11 15.
Bg5 Qd8 16. Bxe7 Qxe7 17. Bc2 Kf8 18. Nf1 Rc6 19. Qg5 Qxg5 20. Nxg5 Rb6 21.
Rab1 Nb3 22. Red1 Ba4 23. Nd2 Nxd2 24. Rxd2 Bxc2 25. Rxc2 1/2-1/2

[Event "XVI. DBMM Schach"]
[Site "Dresden"]
[Date "2016.11.06"]
[Round "7.1"]
[White "Zerenner, Pascal"]
[Black "Segerberg, Tomas"]
[Result "1-0"]
[WhiteElo "1889"]
[BlackElo "2075"]
[Annotator "br"]
[PlyCount "97"]
[EventDate "2016.11.??"]
[SourceTitle "XVI. DBMM 2016"]
[Source "FV Schach e.V."]
[SourceDate "2017.06.14"]
[SourceVersion "1"]
[SourceVersionDate "2017.06.14"]
[SourceQuality "1"]
[WhiteTeam "Europark Altenberg"]
[BlackTeam "Europaeisches Patentamt Muenchen"]
[WhiteTeamCountry "GER"]
[BlackTeamCountry "GER"]

1. d4 e6 2. c4 Nf6 3. Nf3 b6 4. a3 Bb7 5. Nc3 Ne4 6. Nxe4 Bxe4 7. Nd2 Bb7 8. e4
Qf6 9. d5 Bc5 10. Nf3 exd5 11. exd5 c6 12. Qe2+ Kf8 13. Bg5 Qf5 14. b4 Bd6 15.
Qd2 cxd5 16. Rd1 a5 17. Bd3 Qe6+ 18. Be2 axb4 19. axb4 Na6 20. O-O Bxb4 21.
cxd5 Bxd2 22. dxe6 Bxg5 23. Rxd7 Bxf3 24. Bxf3 Re8 25. Rxf7+ Kg8 26. Bd5 h5 27.
Ra1 Nb4 28. Raa7 Bf6 29. Bb3 Nc6 30. Rad7 Re7 31. Bd5 Rxd7 32. exd7 Kh7 33.
Bxc6 Rd8 34. Kf1 Kg6 35. Bd5 Kf5 36. Ke2 Ke5 37. Bb3 Kd4 38. Kd2 b5 39. h3 h4
40. g4 hxg3 41. fxg3 Ra8 42. h4 Ke5 43. Kc3 Kf5+ 44. Kb4 Kg4 45. Be6+ Kxg3 46.
h5 Rh8 47. Rxf6 gxf6 48. h6 Kf4 49. h7 1-0

[Event "XVI. DBMM Schach"]
[Site "Dresden"]
[Date "2016.11.06"]
[Round "7.2"]
[White "Heer, Stephan"]
[Black "Bussler, Juergen"]
[Result "1-0"]
[WhiteElo "2134"]
[BlackElo "1940"]
[Annotator "br"]
[PlyCount "56"]
[EventDate "2016.11.??"]
[SourceTitle "XVI. DBMM 2016"]
[Source "FV Schach e.V."]
[SourceDate "2017.06.14"]
[SourceVersion "1"]
[SourceVersionDate "2017.06.14"]
[SourceQuality "1"]
[WhiteTeam "Europaeisches Patentamt Muenchen"]
[BlackTeam "Europark Altenberg"]
[WhiteTeamCountry "GER"]
[BlackTeamCountry "GER"]

1. Nf3 d5 2. g3 Nf6 3. Bg2 Nbd7 4. O-O e5 5. d3 Be7 6. Nbd2 O-O 7. e4 dxe4 8.
dxe4 c6 9. b3 Qc7 10. Bb2 Re8 11. Qe2 Bc5 12. a3 Ng4 13. h3 Nh6 14. b4 Bf8 15.
Nh4 Nb6 16. f4 exf4 17. gxf4 Qe7 18. Qf2 Be6 19. f5 Bc4 20. f6 Qe6 21. fxg7 Be7
22. Nxc4 Nxc4 23. Bc1 Ne5 24. Qf4 Kxg7 25. Qxh6+ Qxh6 26. Nf5+ Kg6 27. Bxh6 Bf8
28. Bxf8 Rxf8 1-0

[Event "XVI. DBMM Schach"]
[Site "Dresden"]
[Date "2016.11.06"]
[Round "7.3"]
[White "Heinig, Juergen"]
[Black "Bohnhoff, Peter"]
[Result "1-0"]
[WhiteElo "1935"]
[BlackElo "2060"]
[Annotator "br"]
[PlyCount "57"]
[EventDate "2016.11.??"]
[SourceTitle "XVI. DBMM 2016"]
[Source "FV Schach e.V."]
[SourceDate "2017.06.14"]
[SourceVersion "1"]
[SourceVersionDate "2017.06.14"]
[SourceQuality "1"]
[WhiteTeam "Europark Altenberg"]
[BlackTeam "Europaeisches Patentamt Muenchen"]
[WhiteTeamCountry "GER"]
[BlackTeamCountry "GER"]

1. d4 f5 2. e4 fxe4 3. Nc3 Nf6 4. f3 d5 5. fxe4 dxe4 6. Bc4 Nc6 7. Nge2 Bg4 8.
a3 e5 9. d5 Nd4 10. Bg5 h6 11. Bxf6 Qxf6 12. Nxe4 Qh4+ 13. N4g3 Bc5 14. c3 Bxe2
15. Bxe2 Nf5 16. Bh5+ Kd8 17. Qg4 Qxg4 18. Bxg4 Ne3 19. Bd1 Nxg2+ 20. Kd2 Be3+
21. Kc2 Rf8 22. Kb3 a5 23. Rf1 Rxf1 24. Nxf1 Bf4 25. Bf3 Nh4 26. Be4 Ke7 27.
Ng3 g6 28. Ka4 b6 29. d6+ 1-0

[Event "XVI. DBMM Schach"]
[Site "Dresden"]
[Date "2016.11.06"]
[Round "7.4"]
[White "Jachs, Walter"]
[Black "Wuenschmann, Bernd"]
[Result "1-0"]
[WhiteElo "1998"]
[BlackElo "1858"]
[Annotator "br"]
[PlyCount "65"]
[EventDate "2016.11.??"]
[SourceTitle "XVI. DBMM 2016"]
[Source "FV Schach e.V."]
[SourceDate "2017.06.14"]
[SourceVersion "1"]
[SourceVersionDate "2017.06.14"]
[SourceQuality "1"]
[WhiteTeam "Europaeisches Patentamt Muenchen"]
[BlackTeam "Europark Altenberg"]
[WhiteTeamCountry "GER"]
[BlackTeamCountry "GER"]

1. e4 e6 2. d4 d5 3. Nd2 Nf6 4. e5 Nfd7 5. Bd3 c5 6. c3 Nc6 7. Ngf3 Qb6 8. O-O
cxd4 9. cxd4 Nxd4 10. Nxd4 Qxd4 11. Nf3 Qb6 12. Qa4 Qc7 13. Re1 a6 14. Bd2 Be7
15. Qg4 Kf8 16. Rac1 Qd8 17. Bb4 h6 18. Bxe7+ Qxe7 19. Rc7 h5 20. Qf4 Rh6 21.
Rec1 Qd8 22. Ng5 f5 23. exf6 Rxf6 24. Nh7+ Kg8 25. Nxf6+ Nxf6 26. Qg5 Qf8 27.
Bg6 Bd7 28. Rxb7 Rd8 29. Rcc7 Qd6 30. f4 Rc8 31. Qe5 Qf8 32. Rxc8 Qxc8 33. Rb8
1-0

[Event "XVI. DBMM Schach"]
[Site "Dresden"]
[Date "2016.11.06"]
[Round "7.1"]
[White "Koscielski, Janusz"]
[Black "Schmidt, Harald"]
[Result "0-1"]
[WhiteElo "2332"]
[BlackElo "2364"]
[Annotator "br"]
[PlyCount "120"]
[EventDate "2016.11.??"]
[SourceTitle "XVI. DBMM 2016"]
[Source "FV Schach e.V."]
[SourceDate "2017.06.14"]
[SourceVersion "1"]
[SourceVersionDate "2017.06.14"]
[SourceQuality "1"]
[WhiteTeam "Ev. Kinderheim Herne und Wanne-Eickel"]
[BlackTeam "Transit Hamburg"]
[WhiteTeamCountry "GER"]
[BlackTeamCountry "GER"]

1. e4 e5 2. Nf3 Nc6 3. Nc3 Nf6 4. Bb5 Bd6 5. d3 h6 6. a3 O-O 7. O-O Re8 8. Bc4
Bf8 9. h3 d6 10. Be3 Be6 11. Bxe6 Rxe6 12. Nd5 Ne7 13. Nxf6+ Rxf6 14. d4 exd4
15. Nxd4 c5 16. Ne2 d5 17. e5 Rc6 18. f4 d4 19. Bf2 Qd5 20. Qd3 h5 21. Rad1 Rg6
22. g3 Rd8 23. c4 Qe6 24. Kh2 f6 25. Ng1 fxe5 26. Rde1 Qf5 27. Qxf5 Nxf5 28.
Rxe5 Rf6 29. g4 hxg4 30. hxg4 Nh6 31. Kg3 Bd6 32. Re4 Rg6 33. Kf3 Nxg4 34. Bg3
Ne3 35. Rc1 Nf5 36. Bf2 Rh6 37. Rce1 Rf8 38. Re8 Bc7 39. Rxf8+ Kxf8 40. b4 b6
41. bxc5 bxc5 42. Rb1 Nd6 43. Rc1 Ne8 44. Ke4 Nf6+ 45. Kf3 Nh5 46. f5 Nf6 47.
Bg3 Bxg3 48. Kxg3 Rh5 49. Rb1 Rxf5 50. Rb8+ Kf7 51. Rb7+ Ke6 52. Rxa7 Rg5+ 53.
Kh2 Ng4+ 54. Kh3 Ne5 55. Ra6+ Kd7 56. Ne2 d3 57. Nc3 d2 58. Ra7+ Ke6 59. Ra6+
Kf5 60. Rd6 Kf4 0-1

[Event "XVI. DBMM Schach"]
[Site "Dresden"]
[Date "2016.11.06"]
[Round "7.2"]
[White "Urban, Ralf-Dieter"]
[Black "Heimsoth, Sven Holger"]
[Result "0-1"]
[WhiteElo "2034"]
[BlackElo "2157"]
[Annotator "br"]
[PlyCount "70"]
[EventDate "2016.11.??"]
[SourceTitle "XVI. DBMM 2016"]
[Source "FV Schach e.V."]
[SourceDate "2017.06.14"]
[SourceVersion "1"]
[SourceVersionDate "2017.06.14"]
[SourceQuality "1"]
[WhiteTeam "Transit Hamburg"]
[BlackTeam "Ev. Kinderheim Herne und Wanne-Eickel"]
[WhiteTeamCountry "GER"]
[BlackTeamCountry "GER"]

1. e4 e6 2. d4 d5 3. Nd2 a6 4. Ngf3 c5 5. c3 Nc6 6. Bd3 cxd4 7. cxd4 dxe4 8.
Nxe4 Be7 9. O-O Nf6 10. b3 b6 11. Bb2 Bb7 12. Re1 Nb4 13. Nxf6+ Bxf6 14. Be4
Nd5 15. Rc1 Qe7 16. Ne5 O-O 17. Qd3 g6 18. g3 b5 19. h4 Nb4 20. Qf3 Bxe4 21.
Rxe4 Rac8 22. a3 Rxc1+ 23. Bxc1 Nd5 24. h5 Rc8 25. Bh6 Bg7 26. Bxg7 Kxg7 27.
hxg6 hxg6 28. a4 Rc3 29. Qd1 Qg5 30. Kg2 Qf5 31. Rh4 Rc2 32. Ng4 Nc3 33. Qf1
Qe4+ 34. Kh2 g5 35. Nf6 Qf3 0-1

[Event "XVI. DBMM Schach"]
[Site "Dresden"]
[Date "2016.11.06"]
[Round "7.3"]
[White "Leveikina, Jevgenija      ML"]
[Black "Ziller, Christian"]
[Result "1/2-1/2"]
[WhiteElo "2116"]
[BlackElo "2071"]
[Annotator "br"]
[PlyCount "59"]
[EventDate "2016.11.??"]
[SourceTitle "XVI. DBMM 2016"]
[Source "FV Schach e.V."]
[SourceDate "2017.06.14"]
[SourceVersion "1"]
[SourceVersionDate "2017.06.14"]
[SourceQuality "1"]
[WhiteTeam "Ev. Kinderheim Herne und Wanne-Eickel"]
[BlackTeam "Transit Hamburg"]
[WhiteTeamCountry "GER"]
[BlackTeamCountry "GER"]

1. d4 d6 2. Nf3 f5 3. Nbd2 Nf6 4. c3 Be6 5. Ng5 Bg8 6. Qc2 h6 7. Ngf3 Bh7 8. e3
Qc8 9. Bd3 d5 10. c4 e6 11. b3 c6 12. Bb2 Ne4 13. O-O Bd6 14. Bxe4 fxe4 15. Ne5
Nd7 16. Qd1 Nf6 $11 17. a4 Qc7 18. Ba3 Bxe5 19. dxe5 Qxe5 20. Bc5 Qc7 21. a5
Bf5 22. f4 exf3 23. Nxf3 Ne4 24. Bd4 Bg4 25. cxd5 exd5 26. Qe1 O-O 27. Ne5
Rxf1+ 28. Kxf1 Rf8+ 29. Kg1 Bh5 30. Qh4 1/2-1/2

[Event "XVI. DBMM Schach"]
[Site "Dresden"]
[Date "2016.11.06"]
[Round "7.4"]
[White "Meister, Bernd Holger"]
[Black "Selmanaj, Agim"]
[Result "1-0"]
[WhiteElo "1812"]
[BlackElo "1643"]
[Annotator "br"]
[PlyCount "59"]
[EventDate "2016.11.??"]
[SourceTitle "XVI. DBMM 2016"]
[Source "FV Schach e.V."]
[SourceDate "2017.06.14"]
[SourceVersion "1"]
[SourceVersionDate "2017.06.14"]
[SourceQuality "1"]
[WhiteTeam "Transit Hamburg"]
[BlackTeam "Ev. Kinderheim Herne und Wanne-Eickel"]
[WhiteTeamCountry "GER"]
[BlackTeamCountry "GER"]

1. e3 g6 2. Nf3 Bg7 3. d4 d6 4. c3 Nc6 5. Bd3 e5 6. O-O Nge7 7. Nbd2 a6 8. Qb3
O-O 9. d5 Nb8 10. e4 Nd7 11. Qc2 h6 12. b4 b5 13. a4 bxa4 14. Rxa4 Nb6 15. Ra2
Bb7 16. Nb3 Qc8 17. c4 c6 18. c5 dxc5 19. bxc5 cxd5 20. cxb6 dxe4 21. Bxe4 Qxc2
22. Bxc2 Bd5 23. Ba3 Rfe8 24. Rd1 Bc4 25. Bd6 Nc6 26. Nfd2 Bb5 27. Na5 f5 28.
Bb3+ Kh7 29. b7 Rad8 30. Nxc6 1-0

[Event "XVI. DBMM Schach"]
[Site "Dresden"]
[Date "2016.11.06"]
[Round "7.1"]
[White "Schulz, Michael"]
[Black "Walther, Hans Wolfgang"]
[Result "1-0"]
[WhiteElo "2142"]
[BlackElo "2033"]
[Annotator "ms"]
[PlyCount "65"]
[EventDate "2016.11.??"]
[SourceTitle "XVI. DBMM 2016"]
[Source "FV Schach e.V."]
[SourceDate "2017.06.14"]
[SourceVersion "1"]
[SourceVersionDate "2017.06.14"]
[SourceQuality "1"]
[WhiteTeam "SV Osram Berlin"]
[BlackTeam "Deutsche Bahn/BSW Berlin II"]
[WhiteTeamCountry "GER"]
[BlackTeamCountry "GER"]

1. d4 Nf6 2. Bg5 d5 3. Bxf6 exf6 4. e3 Bf5 5. Bd3 Qd7 6. Ne2 Bd6 7. Ng3 Bxd3 8.
Qxd3 O-O 9. Nf5 Nc6 10. c3 Rfe8 11. Nxd6 Qxd6 12. Nd2 b6 13. O-O Ne7 14. e4 c6
15. Rfe1 Ng6 16. exd5 cxd5 17. Qf3 Re6 18. Nc4 Qd7 19. Ne3 Rae8 20. g3 Re4 21.
Red1 b5 22. Qf5 Qxf5 23. Nxf5 R4e6 24. a4 a6 25. axb5 axb5 26. Ra5 Rb6 27. Rda1
Rbb8 28. Nd6 Red8 29. Rxb5 Rxb5 30. Nxb5 Rb8 31. Nc7 Ne7 32. b4 Kf8 33. b5 1-0